Historic Environment Records in Wales (Record no. 116146)
[ view plain ]
| 000 -LEADER | |
|---|---|
| fixed length control field | 01227cai a22002175a 4500 |
| 001 - CONTROL NUMBER | |
| control field | L159913 |
| 008 - FIXED-LENGTH DATA ELEMENTS--GENERAL INFORMATION | |
| fixed length control field | 080811u xxk g 000 0 eng d |
| 020 ## - INTERNATIONAL STANDARD BOOK NUMBER | |
| International Standard Book Number | 9781473487109 |
| 035 ## - SYSTEM CONTROL NUMBER | |
| System control number | (Sirsi) u159913 |
| 041 0# - LANGUAGE CODE | |
| Language code of text/sound track or separate title | eng |
| 110 2# - MAIN ENTRY--CORPORATE NAME | |
| Corporate name or jurisdiction name as entry element | Welsh Government |
| 9 (RLIN) | 6155 |
| 245 00 - TITLE STATEMENT | |
| Title | Historic Environment Records in Wales |
| Remainder of title | compilation and use |
| Medium | [electronic resource] |
| 520 ## - SUMMARY, ETC. | |
| Summary, etc. | Statutory guidance on how local authorities, National Park authorities and Natural Resources Wales should use historic environment records and contribute to their compilation. Explains how certain public bodies in Wales may contribute to the compilation of historic environment records and assist in keeping them up-to-date, and how they should make use of historic environment records in the exercise of their functions. |
| 590 ## - LOCAL NOTE (RLIN) | |
| Local note | KA |
| 650 24 - SUBJECT ADDED ENTRY--TOPICAL TERM | |
| Topical term or geographic name entry element | HISTORIC ENVIRONMENT |
| 650 24 - SUBJECT ADDED ENTRY--TOPICAL TERM | |
| Topical term or geographic name entry element | HISTORIC ENVIRONMENT (WALES) ACT 2016 |
| 651 #4 - SUBJECT ADDED ENTRY--GEOGRAPHIC NAME | |
| Geographic name | Wales |
| 690 ## - LOCAL SUBJECT ADDED ENTRY--TOPICAL TERM (OCLC, RLIN) | |
| Topical term or geographic name as entry element | BUILT ENVIRONMENT-BUILDING TYPES-ANCIENT MONUMENTS AND HISTORIC BUILDINGS |
| 856 40 - ELECTRONIC LOCATION AND ACCESS | |
| Uniform Resource Identifier | <a href="https://cadw.gov.wales/docs/cadw/publications/historicenvironment/20170523HERs%20in%20Wales%20Compilation%20and%20Use%20-%20ENG.pdf">https://cadw.gov.wales/docs/cadw/publications/historicenvironment/20170523HERs%20in%20Wales%20Compilation%20and%20Use%20-%20ENG.pdf</a> |
| Public note | View the document free of charge at cadw.gov.wales... |
| 942 ## - ADDED ENTRY ELEMENTS (KOHA) | |
| Suppress in OPAC | 0 |
| Withdrawn status | Lost status | Source of classification or shelving scheme | Damaged status | Not for loan | Home library | Current library | Shelving location | Date acquired | Total Checkouts | Full call number | Barcode | Date last seen | Copy number | Price effective from | Koha item type |
|---|---|---|---|---|---|---|---|---|---|---|---|---|---|---|---|
| Dewey Decimal Classification | Virtual | Virtual | Online | 23/03/2018 | ONLINE PUBLICATION | 159913-2001 | 06/08/2019 | 1 | 06/08/2019 | Book |